Simón enseña a pensar: texto cuaderno para estímular el desarrollo del pensamiento matemático en el niño

Saved in:
Bibliografiske detaljer
Hovedforfatter: Rencoret Bustos, María del Carmen (Author)
Andre forfattere: Lira Larraín, María Luz (autora)
Format: Bog
Sprog:spansk
Udgivet: Santiago Andrés Bello 1994
Udgivelse:6a. ed
Fag:
Tags: Tilføj Tag
Ingen Tags, Vær først til at tagge denne postø!

MARC

LEADER 00000nam a2200000 a 4500
001 UCL5988
003 CL-VaPUC
008 040326e19940000CL |||||||||||||||||spa|d
020 |a 9561305959 
082 0 4 |a 372.7  |b REN  |2 21 
100 0 |a Rencoret Bustos, María del Carmen  |e author  |9 483708 
700 |a Lira Larraín, María Luz  |e autora  |9 566536 
245 1 0 |a Simón enseña a pensar: texto cuaderno para estímular el desarrollo del pensamiento matemático en el niño 
250 |a 6a. ed 
300 |a 176 p 
942 |c BK 
945 |d 20040326 00:00:00  |a cmena 
260 |a Santiago  |b Andrés Bello  |c 1994 
650 0 |a Apresto  |9 309174 
650 0 |a Matemática  |9 260235 
650 0 |a Libros de texto  |9 270019 
650 0 |a Educación preescolar  |9 260381 
583 |a last modification  |c 20040326 00:00:00  |k Rodrigo Vera 
999 |c 308298  |d 308296 
952 |0 0  |1 0  |4 0  |6 372_700000000000000_REN_1994  |7 0  |8 P  |9 374659  |a BIBEDU  |b BIBEDU  |d 2019-11-21  |i 3999076  |o 372.7 REN 1994  |p 3999076  |r 2019-11-21  |w 2019-11-21  |y BK  |k EPE 
952 |0 0  |1 0  |4 0  |6 372_700000000000000_REN_1994  |7 0  |8 P  |9 374660  |a BIBEDU  |b BIBEDU  |d 2019-11-21  |i 3999084  |o 372.7 REN 1994  |p 3999084  |r 2019-11-21  |w 2019-11-21  |y BK  |k EPE